| 000 | 00494nam a22001577a 4500 | ||
|---|---|---|---|
| 008 | 160824b xxu||||| |||| 00| 0 eng d | ||
| 020 | _a9712708802 | ||
| 082 |
_22000 _aDFil 899.211 _bIn8 |
||
| 245 |
_aIntsik: _ban anthologies of Chinese Filipino writing/ |
||
| 260 |
_aPasig City: _bAnvil Publishing Inc., _cc2000. |
||
| 300 |
_av, 319 pages: _c22 cm. |
||
| 650 | 0 |
_913632 _aPhilippine literature |
|
| 650 | 0 |
_913633 _aAnthologies |
|
| 700 |
_913634 _aHau, Caroline S. _eEditor |
||
| 942 |
_2ddc _cDFIL |
||
| 999 |
_c4101 _d4101 |
||